|
|
|
|
| LEADER |
01595nam a22003853i 4500 |
| 001 |
EBC7245013 |
| 003 |
MiAaPQ |
| 005 |
20231204023228.0 |
| 006 |
m o d | |
| 007 |
cr cnu|||||||| |
| 008 |
231204s2019 xx o ||||0 eng d |
| 020 |
|
|
|a 9781351345514
|q (electronic bk.)
|
| 020 |
|
|
|z 9781138565265
|
| 035 |
|
|
|a (MiAaPQ)EBC7245013
|
| 035 |
|
|
|a (Au-PeEL)EBL7245013
|
| 035 |
|
|
|a (OCoLC)1378934873
|
| 040 |
|
|
|a MiAaPQ
|b eng
|e rda
|e pn
|c MiAaPQ
|d MiAaPQ
|
| 082 |
0 |
|
|a 940.5341083
|
| 100 |
1 |
|
|a Moshenska, Gabriel.
|
| 245 |
1 |
0 |
|a Material Cultures of Childhood in Second World War Britain.
|
| 250 |
|
|
|a 1st ed.
|
| 264 |
|
1 |
|a Milton :
|b Taylor & Francis Group,
|c 2019.
|
| 264 |
|
4 |
|c Ã2019.
|
| 300 |
|
|
|a 1 online resource (199 pages)
|
| 336 |
|
|
|a text
|b txt
|2 rdacontent
|
| 337 |
|
|
|a computer
|b c
|2 rdamedia
|
| 338 |
|
|
|a online resource
|b cr
|2 rdacarrier
|
| 490 |
1 |
|
|a Material Culture and Modern Conflict Series
|
| 588 |
|
|
|a Description based on publisher supplied metadata and other sources.
|
| 590 |
|
|
|a Electronic reproduction. Ann Arbor, Michigan : ProQuest Ebook Central, 2023. Available via World Wide Web. Access may be limited to ProQuest Ebook Central affiliated libraries.
|
| 655 |
|
4 |
|a Electronic books.
|
| 776 |
0 |
8 |
|i Print version:
|a Moshenska, Gabriel
|t Material Cultures of Childhood in Second World War Britain
|d Milton : Taylor & Francis Group,c2019
|z 9781138565265
|
| 797 |
2 |
|
|a ProQuest (Firm)
|
| 830 |
|
0 |
|a Material Culture and Modern Conflict Series
|
| 856 |
4 |
0 |
|u https://ebookcentral.proquest.com/lib/matrademy/detail.action?docID=7245013
|z Click to View
|